Vladimir Nabokov English Language Novels Quiz Stats

 Plays Quiz Updated Apr 3, 2020

Support Sporcle.
Go Orange.
Score 0/8 Timer 04:00
0 Plays Today
Year Novel % Correct
1955Lolita
98.1%
1962Pale Fire
62%
1957Pnin
47.1%
1969Ada or Ardor: A Family Chronicle
41.5%
1941The Real Life of Sebastian Knight
20.6%
1947Bend Sinister
20.5%
1974Look at the Harlequins!
16.2%
1972Transparent Things
15.3%

You're not logged in!

Compare scores with friends on all Sporcle quizzes.
OR
Log In

From the Vault

Nearest US Capital Road Trip

by Tr4pD00r

Make sure you use the bathroom before you set out to play this quiz.
Remove Ads.
Support Sporcle.
Get the best of Sporcle when you Go Orange. This ad-free experience offers more features, more stats, and more fun while also helping to support Sporcle. Thank you for becoming a member.

Show Comments

Extras

Top Quizzes Today


Score Distribution

Your Account Isn't Verified!

In order to create a playlist on Sporcle, you need to verify the email address you used during registration. Go to your Sporcle Settings to finish the process.

Report this User

Report this user for behavior that violates our Community Guidelines.

Details: